How textbooks are neutered (Record no. 69948)

MARC details
000 -CABECERA
campo de control de longitud fija 00526nam a2200205 a 4500
005 - FECHA Y HORA DE LA ÚLTIMA TRANSACCIÓN
campo de control 20210219153150.0
008 - ELEMENTOS DE LONGITUD FIJA--INFORMACIÓN GENERAL
campo de control de longitud fija 991125n 000 0 eng u
035 ## - NÚMERO DE CONTROL DEL SISTEMA
Número de control de sistema UPN01000081381
100 1# - ASIENTO PRINCIPAL--NOMBRE PERSONAL
Nombre de persona Sewall, Gilbert T
222 ## - TÍTULO CLAVE
Título clave ACADEMIC QUESTIONS
245 ## - MENCIÓN DE TÍTULO
Título How textbooks are neutered
260 ## - PUBLICACIÓN, DISTRIBUCIÓN, ETC.
Lugar de publicación, distribución, etc. EUA
300 ## - DESCRIPCIÓN FÍSICA
Extensión 54-59
362 0# - FECHAS DE PUBLICACIÓN Y/O DESIGNACIÓN SECUENCIAL
Fecha de publicación y/o designación secuencial 1991 Vol. 4, no. 3, summer
653 0# - TERMINO DE INDIZACION - NO CONTROLADO
Término no controlado ESTADOS UNIDOS DE AMERICA
653 0# - TERMINO DE INDIZACION - NO CONTROLADO
Término no controlado INDUSTRIA EDITORIAL
653 0# - TERMINO DE INDIZACION - NO CONTROLADO
Término no controlado LIBRO DE TEXTO
904 ## - ELEMENTOS DE DATOS D LOCAL, LDD (RLIN)
a AC
b 019192
905 ## - TIPO DE MATERIAL
Tipo de material Articulo

No items available.